000 00557nam a2200205Ia 4500
003 GCL
008 140319s9999 xx 000 0 eng d
040 _aGCL /
_cGCL
082 0 4 _aCC
_b299.31
_bC T
100 1 _aCAUVILLE, SYLVIE
245 1 0 _aLA THEOLOGIE D'OSIRIS A EDFOU /
_cCAUVILLE, SYLVIE
260 _a[S.N] :
_bINSTITUT FRANCAIS D'ARCHEOLOGIE ORIENTAL ،
_c1983
300 _a228 P
650 0 4 _aRELIGION
650 0 4 _aANCIENT EGYPT
650 0 4 _aMYTHOLOGY
650 0 4 _aEGYPTIAN MYTHOLOGY
650 0 4 _aANCIENT MYTHOLOGY
942 _2ddc
_cBK
999 _c15572
_d15572